<?xml version="1.0" encoding="UTF-8"?>
<record
    xmlns:xsi="http://www.w3.org/2001/XMLSchema-instance"
    xsi:schemaLocation="http://www.loc.gov/MARC21/slim http://www.loc.gov/standards/marcxml/schema/MARC21slim.xsd"
    xmlns="http://www.loc.gov/MARC21/slim">

  <leader>00939nam a2200217 a 4500</leader>
  <controlfield tag="005">20151215050437.0</controlfield>
  <controlfield tag="008">140319b2005    ck ||||| |||| 00| 0 spa d</controlfield>
  <datafield tag="040" ind1=" " ind2=" ">
    <subfield code="a">CO-BoIAVH</subfield>
    <subfield code="c">CO-BoIAVH</subfield>
  </datafield>
  <datafield tag="041" ind1=" " ind2=" ">
    <subfield code="a">spa</subfield>
  </datafield>
  <datafield tag="044" ind1=" " ind2=" ">
    <subfield code="a">ck</subfield>
  </datafield>
  <datafield tag="082" ind1="0" ind2="4">
    <subfield code="a">577.687</subfield>
    <subfield code="b">D44d</subfield>
  </datafield>
  <datafield tag="090" ind1=" " ind2=" ">
    <subfield code="a">LB</subfield>
    <subfield code="b">04629</subfield>
  </datafield>
  <datafield tag="110" ind1="2" ind2=" ">
    <subfield code="b">Corporaci&#xF3;n Aut&#xF3;noma Regional para la Defensa de la Meseta de Bucaramanga</subfield>
  </datafield>
  <datafield tag="245" ind1="1" ind2="0">
    <subfield code="a">Desarrollo de estrategias de conservaci&#xF3;n, restauraci&#xF3;n y manejo sostenible de los p&#xE1;ramos, subp&#xE1;ramos y selvas altoandinas del nororiente colombiano</subfield>
  </datafield>
  <datafield tag="260" ind1=" " ind2=" ">
    <subfield code="a">Bucaramanga</subfield>
    <subfield code="b">CDMB</subfield>
    <subfield code="b">CORPOCHIVOR</subfield>
    <subfield code="b">Minambiente</subfield>
    <subfield code="b">CORPOBOYACA</subfield>
    <subfield code="b">CORPONOR</subfield>
    <subfield code="b">CAS</subfield>
    <subfield code="c">2005</subfield>
  </datafield>
  <datafield tag="300" ind1=" " ind2=" ">
    <subfield code="a">108 p&#xE1;ginas :</subfield>
    <subfield code="b">tablas, ilustraciones (algunas a color) ;</subfield>
    <subfield code="c">28 x 21 cm.</subfield>
  </datafield>
  <datafield tag="650" ind1=" " ind2="6">
    <subfield code="a">Conservaci&#xF3;n de p&#xE1;ramos</subfield>
    <subfield code="z">Colombia</subfield>
  </datafield>
  <datafield tag="650" ind1=" " ind2="6">
    <subfield code="a">Conservaci&#xF3;n de p&#xE1;ramos</subfield>
    <subfield code="x">Estrategias</subfield>
    <subfield code="z">Colombia</subfield>
  </datafield>
  <datafield tag="650" ind1=" " ind2="6">
    <subfield code="a">Selva altoandina</subfield>
    <subfield code="x">Conservaci&#xF3;n</subfield>
    <subfield code="z">Colombia</subfield>
  </datafield>
  <datafield tag="942" ind1=" " ind2=" ">
    <subfield code="c">LIBRO</subfield>
    <subfield code="2">ddc</subfield>
  </datafield>
  <datafield tag="999" ind1=" " ind2=" ">
    <subfield code="c">5289</subfield>
    <subfield code="d">5289</subfield>
  </datafield>
  <datafield tag="952" ind1=" " ind2=" ">
    <subfield code="0">0</subfield>
    <subfield code="1">0</subfield>
    <subfield code="2">ddc</subfield>
    <subfield code="4">0</subfield>
    <subfield code="7">0</subfield>
    <subfield code="8">GENERAL</subfield>
    <subfield code="I">INV2017</subfield>
    <subfield code="a">Venado</subfield>
    <subfield code="b">Venado</subfield>
    <subfield code="d">2006-09-22</subfield>
    <subfield code="e">Instituto</subfield>
    <subfield code="g">25000.00</subfield>
    <subfield code="l">0</subfield>
    <subfield code="o">LB-577.687 D44d</subfield>
    <subfield code="p">023318</subfield>
    <subfield code="r">2013-04-18 00:00:00</subfield>
    <subfield code="t">Ej. 1</subfield>
    <subfield code="w">2012-12-04</subfield>
    <subfield code="x">Donacion</subfield>
    <subfield code="y">LIBRO</subfield>
  </datafield>
  <datafield tag="952" ind1=" " ind2=" ">
    <subfield code="0">0</subfield>
    <subfield code="1">0</subfield>
    <subfield code="2">ddc</subfield>
    <subfield code="4">0</subfield>
    <subfield code="7">0</subfield>
    <subfield code="8">GENERAL</subfield>
    <subfield code="I">INV2017</subfield>
    <subfield code="a">Bogota</subfield>
    <subfield code="b">Bogota</subfield>
    <subfield code="d">2007-05-09</subfield>
    <subfield code="e">Instituto</subfield>
    <subfield code="g">25000.00</subfield>
    <subfield code="l">1</subfield>
    <subfield code="o">LB-577.687 D44d</subfield>
    <subfield code="p">024053</subfield>
    <subfield code="r">2019-06-12 00:00:00</subfield>
    <subfield code="s">2019-06-12</subfield>
    <subfield code="t">Ej. 3</subfield>
    <subfield code="w">2012-12-04</subfield>
    <subfield code="x">Donaci&#xF3;n</subfield>
    <subfield code="y">LIBRO</subfield>
  </datafield>
  <datafield tag="952" ind1=" " ind2=" ">
    <subfield code="0">0</subfield>
    <subfield code="1">0</subfield>
    <subfield code="2">ddc</subfield>
    <subfield code="4">0</subfield>
    <subfield code="7">0</subfield>
    <subfield code="8">GENERAL</subfield>
    <subfield code="I">INV2017</subfield>
    <subfield code="a">Bogota</subfield>
    <subfield code="b">Bogota</subfield>
    <subfield code="d">2015-01-28</subfield>
    <subfield code="e">Instituto</subfield>
    <subfield code="g">25000.00</subfield>
    <subfield code="l">2</subfield>
    <subfield code="o">LB-577.687 D44d</subfield>
    <subfield code="p">038508</subfield>
    <subfield code="r">2015-07-31 00:00:00</subfield>
    <subfield code="s">2015-07-31</subfield>
    <subfield code="t">Ej. 4</subfield>
    <subfield code="w">2015-01-28</subfield>
    <subfield code="x">Donaci&#xF3;n</subfield>
    <subfield code="y">LIBRO</subfield>
  </datafield>
  <datafield tag="952" ind1=" " ind2=" ">
    <subfield code="0">0</subfield>
    <subfield code="1">0</subfield>
    <subfield code="2">ddc</subfield>
    <subfield code="4">0</subfield>
    <subfield code="7">0</subfield>
    <subfield code="8">GENERAL</subfield>
    <subfield code="I">INV2017</subfield>
    <subfield code="a">Venado</subfield>
    <subfield code="b">Venado</subfield>
    <subfield code="d">2015-08-18</subfield>
    <subfield code="e">Instituto</subfield>
    <subfield code="g">25000.00</subfield>
    <subfield code="l">0</subfield>
    <subfield code="o">LB-577.687 D44d</subfield>
    <subfield code="p">038763</subfield>
    <subfield code="r">2015-08-18 00:00:00</subfield>
    <subfield code="t">Ej. 5</subfield>
    <subfield code="w">2015-08-18</subfield>
    <subfield code="x">Canje</subfield>
    <subfield code="y">LIBRO</subfield>
  </datafield>
</record>
